书目信息 |
| 题名: |
电机与变压器
|
|
| 作者: | 本书组编 | |
| 分册: | ||
| 出版信息: | 北京 中国劳动出版社 2008.03 |
|
| 页数: | 193页 | |
| 开本: | 26cm | |
| 丛书名: | ||
| 单 册: | ||
| 中图分类: | TM3 | |
| 科图分类: | ||
| 主题词: | 电机 , 变压器 | |
| 电子资源: | ||
| ISBN: | 978-7-5045-6917-2 | |
| 000 | 00583nam0 2200217 450 | |
| 001 | 0853550139 | |
| 005 | 20081225094346.26 | |
| 010 | @a978-7-5045-6917-2@dCNY18.00 | |
| 100 | @a20081224d2008 km y0chiy0120 ea | |
| 101 | 0 | @achi |
| 102 | @aCN@b110000 | |
| 200 | 1 | @a电机与变压器@Adian ji yu bian ya qi@f本书组编@Fben shu zu bian |
| 205 | @a4版 | |
| 210 | @a北京@c中国劳动出版社@d2008.03 | |
| 215 | @a193页@d26cm | |
| 300 | @a全国中等职业技术学校电工类专业通用教材 | |
| 606 | 0 | @a电机 |
| 606 | 0 | @a变压器 |
| 690 | @aTM3@v4 | |
| 801 | 0 | @aCN@bNISOFT@c20081225 |
| 905 | @aBZT@dTM3@e1 | |
| 电机与变压器/本书组编.-4版.-北京:中国劳动出版社,2008.03 |
| 193页;26cm |
| 全国中等职业技术学校电工类专业通用教材 |
| ISBN 978-7-5045-6917-2:CNY18.00 |
| ● |
| 相关链接 |
|
|
|
正题名:电机与变压器
索取号:TM3/1
 
预约/预借
| 序号 | 登录号 | 条形码 | 馆藏地/架位号 | 状态 | 备注 |
| 1 | 694187 | 2000694187 | 样本书库/样007架B面2层3列/ [索取号:TM3/1] | 在馆 | |
| 2 | 694188 | 2000694188 | 中心书库中库/ 中库029架A面1列2层31/ [索取号:TM3/1] | 在馆 | |
| 3 | 694189 | 2000694189 | 中心书库中库/ 中库029架A面1列2层29/ [索取号:TM3/1] | 在馆 | |
| 4 | 694190 | 2000694190 | 中心书库中库/ 中库029架A面1列2层28/ [索取号:TM3/1] | 在馆 | |
| 5 | 694191 | 2000694191 | 中心书库中库/ 中库029架A面1列2层30/ [索取号:TM3/1] | 在馆 |